Variedades de extensiones de álgebras de Post n-valuadas /
Guardado en:
| Autor Principal: | |
|---|---|
| Formato: | Libro |
| Idioma: | Spanish |
| Publicado: |
1995.
|
| Etiquetas: |
Agregar Etiqueta
Sin Etiquetas, Sea el primero en etiquetar este registro!
|
| LEADER | 00592nam a22001695a 4500 | ||
|---|---|---|---|
| 001 | MAT.inmabb006993 | ||
| 008 | 041125s1995####ag#a#####bm###000#0#spa#d | ||
| 005 | 20180221123654.0 | ||
| 245 | 1 | 0 | |a Variedades de extensiones de álgebras de Post n-valuadas / |c José Patricio Díaz Varela. |
| 260 | |c 1995. | ||
| 300 | |a 101 h. : |b ilus. ; |c 30,5 cm.. | ||
| 502 | |a Tesis (magíster)--Universidad Nacional del Sur, 1996. | ||
| 504 | |a Incluye referencias bibliográficas. | ||
| 100 | 1 | |a Díaz Varela, José Patricio. | |
| 082 | 0 | 4 | |a 040 |
| 082 | 0 | 4 | |a 512.8 |
| 859 | |a Ar-BaUNS |b BIB. MATEMATICA |h 040 |i B148 1996-302 |p A-8975 | ||
